| 000 | 00527nam a22001937a 4500 | ||
|---|---|---|---|
| 003 | OSt | ||
| 005 | 20140310183009.0 | ||
| 008 | 130211t xxu||||| |||| 00| 0 eng d | ||
| 020 | _a9789715770026 | ||
| 050 |
_aPN 1995.5 _b.M297c 2009 |
||
| 082 |
_aPN1995.5 _b.M297c 2009 |
||
| 100 | _aMalone, Peter | ||
| 245 |
_aFilm, faith & the church / _cPeter Malone. |
||
| 260 |
_aManila : _bCommunication Foundations for Asia, _c2009. |
||
| 300 |
_a140 p. : _c22 cm. _bill. ; |
||
| 521 | _aMC | ||
| 942 |
_2lcc _cBK |
||
| 999 |
_c18207 _d18207 |
||